Titres de chansons de Gilbert Bécaud - Clic Quiz - Statistiques

Statistiques générales
  • Ce quiz a été pris 29 fois
  • Le résultat moyen est 18 sur 20
Statistiques - réponses
Hint Réponse % Correct
Je reviens te Chercher
100%
Salut les Copains
100%
Et Maintenant
100%
Charlie, t'ira pas au Paradis
100%
La solitude, ça n'existe Pas
100%
Les cerisiers sont Blancs
96%
Le petit oiseau de toutes les Couleurs
96%
Un peu d'amour et D'amitié
96%
Plein Soleil
96%
Je T'appartiens
96%
Le pianiste de Varsovie
96%
Le jour où la pluie Viendra
96%
Mes Mains
92%
L'important c'est la Rose
92%
Quand il est mort le Poète
88%
Les marchés de Provence
84%
C'est en Septembre
84%
Au Revoir
80%
Quand tu Danses
76%
Dimanche à Orly
64%
Aucun quiz correspondant
Distribution des résultats
% des personnes avec chaque résultat
Percentile par nombre de réponses
Votre historique - résultats
Vous n’avez pas pris ce quiz